Design risk management (Record no. 107696)

MARC details
000 -LEADER
fixed length control field 01148caa a22002535a 4500
001 - CONTROL NUMBER
control field E141546
008 - FIXED-LENGTH DATA ELEMENTS--GENERAL INFORMATION
fixed length control field 071130s2007 xxk f 000 0 eng d
020 ## - INTERNATIONAL STANDARD BOOK NUMBER
International Standard Book Number 9781859462751
035 ## - SYSTEM CONTROL NUMBER
System control number (Sirsi) u141546
041 0# - LANGUAGE CODE
Language code of text/sound track or separate title eng
050 04 - LIBRARY OF CONGRESS CALL NUMBER
Classification number 690.22 $2 18
110 2# - MAIN ENTRY--CORPORATE NAME
Corporate name or jurisdiction name as entry element Association for Project Safety
9 (RLIN) 5460
245 00 - TITLE STATEMENT
Title Design risk management
Remainder of title advice for designers on the implications of the Construction (Design and Management) Regulations 2007
260 ## - PUBLICATION, DISTRIBUTION, ETC.
Place of publication, distribution, etc. London
Name of publisher, distributor, etc. RIBA
Date of publication, distribution, etc. 2007
300 ## - PHYSICAL DESCRIPTION
Extent xv, 112p.
Dimensions 25cm.
520 ## - SUMMARY, ETC.
Summary, etc. Provides guidance on duties under the Construction (Design and Management) Regulations 2007 and the associated Approved Code of Practice. Offers advice for architects and construction designers. Topics covered include notifiable and non-notifiable projects, the design risk management process and record keeping. CD-ROM version available for reference in library.
521 2# - TARGET AUDIENCE NOTE
Target audience note Advanced
590 ## - LOCAL NOTE (RLIN)
Local note KA
650 24 - SUBJECT ADDED ENTRY--TOPICAL TERM
Topical term or geographic name entry element CONSTRUCTION (DESIGN AND MANAGEMENT) REGULATIONS 2007
651 #4 - SUBJECT ADDED ENTRY--GEOGRAPHIC NAME
Geographic name United Kingdom
Chronological subdivision
690 ## - LOCAL SUBJECT ADDED ENTRY--TOPICAL TERM (OCLC, RLIN)
Topical term or geographic name as entry element BUILT ENVIRONMENT-CONSTRUCTION DESIGN
700 1# - ADDED ENTRY--PERSONAL NAME
Personal name Smith, Nick Charlton
Relator term Editor
942 ## - ADDED ENTRY ELEMENTS (KOHA)
Suppress in OPAC 0
Holdings
Withdrawn status Lost status Source of classification or shelving scheme Damaged status Not for loan Home library Current library Shelving location Date acquired Cost, normal purchase price Total Checkouts Full call number Barcode Date last seen Date last checked out Copy number Cost, replacement price Price effective from Koha item type
    Dewey Decimal Classification     London London Books 25/01/2008 34.00 3 690.22 ASS 30072531 06/08/2019 20/11/2009 1 34.00 06/08/2019 Book